000 00489nam a2200181Ia 4500
001 2791
005 20260306144833.0
008 260306t2015||||xx |||||||||||||| ||spa||
041 _aESP
082 _a230
_bR27O T. 1
100 _aRatzinger, Joseph
_eAUT
245 0 _aObras completas:
_bpueblo y casa de Dios en la doctrina de San Agustín sobre la Iglesia
260 _c2015
300 _axxxi, 732 páginas :
_c24 cm.
650 _aGEN
654 _aCHU
942 _cLIB
_dJUS
_fJUS
_2ddc
_n
999 _c2791
_d2791